Guerras profanas : Afganistán, Estados Unidos y el terrorismo internacional /
Contra lo que anuncia el título, el planteamiento de esta obra es más amplio y estudia la manera en que las alianzas de Estados Unidos con diversos países islámicos, para hacer frente a Rusia en el marco de la guerra fría, es en gran medida responsable de la proliferación del fundamentalismo islámic...
Kaydedildi:
| Yazar: | |
|---|---|
| Materyal Türü: | Kitap |
| Dil: | İspanyolca |
| Baskı/Yayın Bilgisi: |
Madrid, España :
Siglo XXI,
2002, c2002
|
| Seri Bilgileri: | (Sociología y Política)
|
| Konular: | |
| Etiketler: |
Etiket eklenmemiş, İlk siz ekleyin!
|
MARC
| LEADER | 00000nam^a2200000^a^4500 | ||
|---|---|---|---|
| 001 | 000186703 | ||
| 005 | 20250521000000.0 | ||
| 009 | 20260310102236.689 | ||
| 020 | |a 84-323-1086-7 | ||
| 037 | |a Acervo ITESO - Biblioteca | ||
| 041 | |a ESP | ||
| 082 | |a 320. 95604 |b COO | ||
| 100 | |a Cooley, John K. |e (autor) | ||
| 240 | 1 | 1 | |a [Guerras profanas: Afganistán, Estados Unidos y el terrorismo internacional] |
| 245 | 1 | 0 | |a Guerras profanas : |b Afganistán, Estados Unidos y el terrorismo internacional / |c J.K. Cooley ; tr. por Herminia Bevia, Antonio Resines. |
| 264 | 4 | |a Madrid, España : |b Siglo XXI, |c 2002, c2002 | |
| 300 | |a XXVI, 466 p. | ||
| 336 | |a texto |b txt |2 rdacontenido | ||
| 337 | |a sin mediación |b n |2 rdamedio | ||
| 338 | |a volumen |b nc |2 rdasoporte | ||
| 440 | 1 | |a (Sociología y Política) | |
| 500 | |a Traducción de: Unholy Wars. Afghanistan, America and International Terrorism | ||
| 520 | |a Contra lo que anuncia el título, el planteamiento de esta obra es más amplio y estudia la manera en que las alianzas de Estados Unidos con diversos países islámicos, para hacer frente a Rusia en el marco de la guerra fría, es en gran medida responsable de la proliferación del fundamentalismo islámico y de los conflictos bélicos que se suscitaron en las últimas décadas del siglo XX, sobre todo en Medio Oriente. | ||
| 649 | |a XX | ||
| 650 | |a Guerra Fría | ||
| 650 | |a Islamismo | ||
| 650 | |a Fundamentalismo Religioso | ||
| 650 | |a Terrorismo | ||
| 650 | |a Guerra y Paz - |z Medio Oriente - |x Tema Principal | ||
| 650 | |a Intervención Militar en Medio Oriente | ||
| 650 | |a Intervención Militar de EUA | ||
| 650 | |a Imperialismo | ||
| 650 | |a Relaciones Internacionales - |z EUA-Medio Oriente | ||
| 650 | |a Relaciones Internacionales - |z China-EUA | ||
| 650 | |a Relaciones Internacionales - |z EUA-Rusia | ||
| 650 | |a Política Exterior - |z EUA | ||
| 650 | |a Política - |x Historia - |y Siglo XX | ||
| 650 | |a Historia Moderna - |y Siglo XX | ||
| 650 | |a Historia Universal | ||
| 910 | |a Fondo General | ||
| 920 | |a Impresos - Libros | ||
| 930 | |a Colección General | ||
| 905 | |a 101 | ||
| 901 | |a 0500128323 |b IT1 |c ACC |u 20250521 | ||
| 902 | |a https://opac.biblio.iteso.mx/vufind/Record/000186703 | ||